Giáo trình thể dục Sách dùng cho các trường Cao đẳng Sư phạm

Cung cấp những tri thức khoa học cơ bản và cần thiết về lí luận và phương pháp thực hành giảng dạy, tập luyện thể dục

Đã lưu trong:
書目詳細資料
主要作者: Trương Anh Tuấn (tác giả)
格式: 圖書
語言:Vietnamese
出版: H. Đại học Sư phạm 2003
主題:
標簽: 添加標簽
沒有標簽, 成為第一個標記此記錄!
Thư viện lưu trữ: Mạng thư viện Đại học Đà Nẵng
LEADER 01304nam a2200349 4500
001 000009426
003 5623
005 20111027141001.0
008 111027s2003 viesd
041 0 |a vie 
082 |a 796.4  |b TR-T 
100 0 |a Trương Anh Tuấn 
245 0 |a Giáo trình thể dục  |b Sách dùng cho các trường Cao đẳng Sư phạm  |c Trương Anh Tuấn 
260 |a H.  |b Đại học Sư phạm  |c 2003 
300 |a 179tr.  |b hình vẽ  |c 24cm 
500 |a Phụ lục: tr. 169-176 
504 |a Thư mục: tr. 177 
520 |a Cung cấp những tri thức khoa học cơ bản và cần thiết về lí luận và phương pháp thực hành giảng dạy, tập luyện thể dục 
653 |a Giáo trình 
653 |a thể dục 
700 |a Trương Anh Tuấn  |e tác giả 
910 |a MPhuong  |d 27/10 
OWN |a LSP 
AVA |a UDN50  |b LSP  |d 796.4 TR-T  |e available  |t Error 5001 Not defined in file expand_doc_bib_avail.  |f 2  |g 0  |h N  |i 0  |k 1 
999 |a From the UDN01 
AVA |a UDN50  |b LSP  |d 796.4 TR-T  |e available  |t Error 5001 Not defined in file expand_doc_bib_avail.  |f 2  |g 0  |h N  |i 0  |k 1 
TYP |a Monograph 
TYP |a Printed language 
980 |a Mạng thư viện Đại học Đà Nẵng